| 000 | 00660nam a22001577a 4500 | ||
|---|---|---|---|
| 003 | NUST | ||
| 038 | _aNusrat Nadeem | ||
| 082 | _a200 | ||
| 100 |
_aAli, Sardar Muhammad _9132538 |
||
| 245 |
_aAssessment of the Impact of the Global Cybersecurity Index (GCI) of the International Telecommunication Union (ITU) on Improving the Cybersecurity Posture of Developing Countries. (A Pakistani Perspective)/ _c Sardar Muhammad Ali, |
||
| 264 |
_aIslamabad: _bMCS NUST _c2025. |
||
| 650 |
_aPhD- Information Security _9127669 |
||
| 700 |
_aSupervisor: Prof Dr. Abdul Razzaq _9132539 |
||
| 856 | _uhttp://10.250.8.41:8080/xmlui/handle/123456789/56152 | ||
| 942 |
_2ddc _cSC |
||
| 999 |
_c615677 _d615677 |
||